00403nam a2200145Ia 4500008004100000020001800041041000800059082001500067100001200082245007100094260004100165300000900206500001700215650002500232220803s9999 xx 000 0 und d a0-471-54792-1 aeng a720.22 ALL aAllen E aArchitectural Detailing : Function Constructibility And Aesthetics aNew YorkbJohn Wiley And Sons c1992 a281p aArchitecture aArchitectural Design